Circles, factors, triangles, congruency, rotational symmetry, tessellation, parallel lines and -- (Record no. 64111)
[ view plain ]
| 000 -CABECERA | |
|---|---|
| campo de control de longitud fija | 00546nam a2200193 a 4500 |
| 005 - FECHA Y HORA DE LA ÚLTIMA TRANSACCIÓN | |
| campo de control | 20210219152932.0 |
| 008 - ELEMENTOS DE LONGITUD FIJA--INFORMACIÓN GENERAL | |
| campo de control de longitud fija | 991125n 000 0 eng u |
| 035 ## - NÚMERO DE CONTROL DEL SISTEMA | |
| Número de control de sistema | UPN01000067625 |
| 100 ## - ASIENTO PRINCIPAL--NOMBRE PERSONAL | |
| Nombre de persona | MERRY, Alan |
| 222 ## - TÍTULO CLAVE | |
| Título clave | MATHEMATICS TEACHING |
| 245 ## - MENCIÓN DE TÍTULO | |
| Título | Circles, factors, triangles, congruency, rotational symmetry, tessellation, parallel lines and -- |
| 300 ## - DESCRIPCIÓN FÍSICA | |
| Extensión | s.p. |
| 362 ## - FECHAS DE PUBLICACIÓN Y/O DESIGNACIÓN SECUENCIAL | |
| Fecha de publicación y/o designación secuencial | 1993 No. 142, mar. |
| 653 0# - TERMINO DE INDIZACION - NO CONTROLADO | |
| Término no controlado | ACTIVIDADES RECREATIVAS |
| 653 0# - TERMINO DE INDIZACION - NO CONTROLADO | |
| Término no controlado | GEOMETRIA |
| 653 0# - TERMINO DE INDIZACION - NO CONTROLADO | |
| Término no controlado | SIMETRIA |
| 904 ## - ELEMENTOS DE DATOS D LOCAL, LDD (RLIN) | |
| a | AC |
| b | 005436 |
| 905 ## - TIPO DE MATERIAL | |
| Tipo de material | Articulo |
No items available.
